Current Events - U.S. | 1 | 10.00 | 100% | 0% | 0% |
Fine Arts - Architecture | 1 | 10.00 | 100% | 0% | 0% |
Fine Arts - Jazz | 1 | 0.00 | 0% | 0% | 0% |
Fine Arts - Miscellaneous | 1 | 0.00 | 0% | 0% | 0% |
Fine Arts - Music | 7 | 8.57 | 57% | 29% | 0% |
Fine Arts - Painting | 1 | 20.00 | 100% | 100% | 0% |
Fine Arts - Photography | 2 | 10.00 | 100% | 0% | 0% |
Fine Arts - Sculpture | 3 | 13.33 | 100% | 33% | 0% |
Geography - Europe | 1 | 30.00 | 100% | 100% | 100% |
Geography - United States | 1 | 10.00 | 100% | 0% | 0% |
Geography - World | 1 | 0.00 | 0% | 0% | 0% |
History - American | 1 | 10.00 | 100% | 0% | 0% |
History - Cross, Historiography, and Miscellaneous | 5 | 10.00 | 80% | 20% | 0% |
History - European | 3 | 10.00 | 100% | 0% | 0% |
History - World | 5 | 8.00 | 60% | 20% | 0% |
Literature - American | 5 | 6.00 | 40% | 20% | 0% |
Literature - British | 5 | 12.00 | 100% | 20% | 0% |
Literature - European | 5 | 4.00 | 40% | 0% | 0% |
Literature - World and Miscellaneous | 8 | 7.50 | 75% | 0% | 0% |
Other - Other Academic and General Knowledge | 5 | 16.00 | 100% | 40% | 20% |
RMP - Christian Practice | 1 | 0.00 | 0% | 0% | 0% |
RMP - Greco-Roman Mythology | 1 | 20.00 | 100% | 100% | 0% |
RMP - Islam | 1 | 0.00 | 0% | 0% | 0% |
RMP - Philosophy | 3 | 10.00 | 100% | 0% | 0% |
Science - Biology | 4 | 17.50 | 100% | 75% | 0% |
Science - Chemistry | 3 | 13.33 | 100% | 33% | 0% |
Science - Computer Science | 2 | 10.00 | 50% | 50% | 0% |
Science - Earth | 3 | 10.00 | 67% | 33% | 0% |
Science - Engineering and Miscellaneous | 1 | 20.00 | 100% | 0% | 100% |
Science - Math | 1 | 10.00 | 100% | 0% | 0% |
Science - Physics | 4 | 7.50 | 75% | 0% | 0% |
Social Science - Anthropology | 1 | 10.00 | 100% | 0% | 0% |
Social Science - Economics | 1 | 10.00 | 100% | 0% | 0% |
Social Science - Psychology | 2 | 15.00 | 100% | 50% | 0% |
Social Science - Sociology | 1 | 10.00 | 100% | 0% | 0% |